000 00433nam a2200181Ia 4500
001 3693
005 20260306145702.0
008 260306t2012||||xx |||||||||||||| ||spa||
041 _aESP
082 _a302
_bM26
100 _aMarín Sánchez, Manuel
_eAUT
245 0 _aIntroducción a la psicología social
260 _c2012
300 _a211 páginas :
_c24 cm.
650 _aGEN
654 _aCPS
942 _cLIB
_dJUS
_fJUS
_2ddc
_n
999 _c3693
_d3693